000 00956cam a22003013a 4500
001 16448
003 PGUSA
005 20140828083342.0
008 050805s2005||||xxu|||||s|||||000 1 eng d
040 _aPGUSA
_beng
042 _adc
050 4 _aPZ
100 1 _aBurnham, Clara Louise,
_d1854-1927
245 1 0 _aJewel's Story Book
_h[electronic resource] /
_cClara Louise Burnham
260 _bProject Gutenberg,
_c2005
506 _aPublic domain in the USA.
516 _aElectronic text
653 _aChristian Science -- Juvenile fiction
653 _aStorytelling -- Juvenile fiction
653 _aAmusements -- Juvenile fiction
653 _aConduct of life -- Juvenile fiction
653 _aParent and child -- Juvenile fiction
653 _aGrandfathers -- Juvenile fiction
653 _aChristian life -- Juvenile fiction
830 0 _aProject Gutenberg
_v16448
856 4 0 _uhttp://www.gutenberg.org/ebooks/16448
942 _cEB
999 _c245703
_d245703